Statistics for Which place is closer to... (sometimes surprisingly)

Click here to take the quiz!

General Stats

  • This quiz has been taken 46 times
  • The average score is 4 of 10

Answer Stats

QuestionAnswer% Correct
Which city is closer to Seattle?Juneau, Alaska
58%
Which city is closer to Marrakesh (Morocco)?Montreal, Canada
46%
Which city is closer to Saudi Arabia?Jerusalem
42%
Which city is closer to Kingsport, TennesseeWindsor, Canada
42%
Which city is closer to Mexico City?San Antonio, Texas
38%
Which city is closer to Rome, Italy?Split, Croatia
38%
Which city is closer to Sochi, Russia?Haifa, Israel
33%
Which place is closer to Miami?Disneyworld
29%
Which city is closer to London?Liverpool
29%
Which place is closer to Algiers (capital of Algeria)?London, UK
17%

Score Distribution

Percentile by Number Answered

Percent of People with Each Score

Your Score History

You have not taken this quiz